MARC

LEADER 00000nam0a2200000 4500
001 370258
005 20231102012249.0
035 |a (RuTPU)RU\TPU\retro\27666 
090 |a 370258 
100 |a 20220622d1978 km y0rusy50 ca 
101 0 |a rus 
102 |a RU 
105 |a a z 001zy 
200 1 |a Двигатель внутреннего сгорания как регулируемый объект  |f В. И. Крутов 
210 |a Москва  |c Машиностроение  |d 1978 
215 |a 472 с.  |c ил. 
320 |a Библиогр.: с. 458-462 
320 |a Предм. указ.: с. 466-471 
606 1 |a Двигатели внутреннего сгорания  |2 stltpush  |3 (RuTPU)RU\TPU\subj\4895  |9 33080 
610 1 |a функциональные схемы 
610 1 |a режим работы 
610 1 |a топливоподающие системы 
610 1 |a наддув 
610 1 |a статические характеристики 
610 1 |a впускные коллекторы 
610 1 |a автоматические регулировки 
610 1 |a динамические свойства 
610 1 |a дифференциальные уравнения 
610 1 |a частотные характеристики 
675 |a 621.43  |v 4 
700 1 |a Крутов  |b В. И.  |g Виталий Иванович 
801 1 |a RU  |b 63413507  |c 20220622 
942 |c BK